UBT Library

Equine internal medicine / (Record no. 38914)

000 -LEADER
fixed length control field 00767cam a22002658i 4500
001 - CONTROL NUMBER
control field 19711780
005 - DATE AND TIME OF LATEST TRANSACTION
control field 20171214043123.0
008 - FIXED-LENGTH DATA ELEMENTS--GENERAL INFORMATION
fixed length control field 170614s2018 mou b 001 0 eng
010 ## - LIBRARY OF CONGRESS CONTROL NUMBER
LC control number 2017028516
020 ## - INTERNATIONAL STANDARD BOOK NUMBER
International Standard Book Number 9780323443296 (hardback : alk. paper)
020 ## - INTERNATIONAL STANDARD BOOK NUMBER
Cancelled/invalid ISBN 9780323443098 (Ebook)
035 ## - SYSTEM CONTROL NUMBER
System control number (DNLM)101707604
040 ## - CATALOGING SOURCE
Original cataloging agency DNLM/DLC
Language of cataloging eng
Description conventions rda
Transcribing agency DLC
Modifying agency DLC
041 ## - LANGUAGE CODE
Language code of text/sound track or separate title eng
042 ## - AUTHENTICATION CODE
Authentication code pcc
080 ## - UNIVERSAL DECIMAL CLASSIFICATION NUMBER
Universal Decimal Classification number 636.1089 REE
082 00 - DEWEY DECIMAL CLASSIFICATION NUMBER
Classification number 636.1089 REE
100 ## - Rafti
Rafti 4
101 ## - Shkurtesa
Shkurtesa SHM
245 10 - TITLE STATEMENT
Title Equine internal medicine /
Statement of responsibility, etc [edited by] Stephen M. Reed, Warwick M. Bayly, Debra C. Sellon.
263 ## - PROJECTED PUBLICATION DATE
Projected publication date 1708
504 ## - BIBLIOGRAPHY, ETC. NOTE
Bibliography, etc Includes bibliographical references and index.
906 ## - LOCAL DATA ELEMENT F, LDF (RLIN)
a 7
b cbc
c orignew
d 1
e ecip
f 20
g y-gencatlg
942 ## - ADDED ENTRY ELEMENTS (KOHA)
Source of classification or shelving scheme
Item type Books
Holdings
Withdrawn status Lost status Source of classification or shelving scheme Damaged status Not for loan Permanent location Current location Date acquired Total Checkouts Full call number Barcode Date last seen Price effective from Koha item type
          UBT - Lipjan UBT - Lipjan 12/14/2017   636.1089 REE 002-2939058 12/14/2017 12/14/2017 Books
UBT Library © 2015-2024. All rights reserved University Education for Business and Technology